000 00803nam a2200253Ia 4500
003 OSt
005 20221005074347.0
006 a|||||r|||| 00| 0
007 ta
008 221004b |||||||| |||| 00| 0 urd d
020 _a9789380934556 (hbk)
_c488.75
024 _a20288
037 _b43544, 13/03/2015, Segment Book Distributors
_cTextual
040 _aCRL
_cCRL
_burd
041 _2urd
_aurd
082 _aY:1.5, 168Q2
100 _aPosh Yousuf Khan Kambal Au.
_9608744
245 0 _aTareekh e yousufi
_b ajaibaat-e-firang
260 _aNew Delhi
_bM. R. Publication India
_c2012
300 _a339p.
_ccm.
650 _aCULTURE
942 _hY:1.5, 168Q2
_cTEXL
_2cc
999 _c982550
_d982550